| 000 | 01625nam a22003377a 4500 | ||
|---|---|---|---|
| 999 |
_c8869 _d8869 |
||
| 003 | AR-CdUCM | ||
| 008 | 190326b ||||| |||| 00| 0 eng d | ||
| 040 |
_aMUNICIPALIDAD PROVINCIAL DEL CUSCO _cBIBLIOTECA MUNICIPAL DEL CUSCO |
||
| 082 |
_a869. 5608 / _bC462 |
||
| 110 |
_aCentro Andino de Investigación pedagógica _92046 |
||
| 245 | _aJuegos florales magisteriales de la región Inca, 1989 / | ||
| 260 |
_aCusco : _bEdiciones Centro Andino de Investigación pedagógica, _c1989. |
||
| 300 |
_a _c20 cm. |
||
| 500 | _aDonación de la familia Nieto. | ||
| 505 | _aContenido: Primeros juegos florales: Resultados I juegos florales magisteriales -- Ecología y medio ambiente -- Escuela y comunidad -- Salud y educación -- Material didáctico -- Cuentos y leyendas tradicionales. | ||
| 505 | _aSegundos juegos florales: Resultados II juegos florales magisteriales -- Adaptación morfo-fisiológica en plantas ornamentales y similares con material casero -- Alternativas de una información educativa para la región Inka ... | ||
| 650 |
_aMagisterio _92047 |
||
| 650 |
_aRegión Inka _91944 |
||
| 650 |
_aJuegos florales _92048 |
||
| 650 |
_aEducación _9460 |
||
| 700 |
_a Navarro Canales, Nicolás _92049 |
||
| 700 |
_a Rozas Merma, José A. _92050 |
||
| 700 |
_a Andrés Apaza Cutipa, José _92051 |
||
| 700 |
_a Carpio gamarra, Manuel Jesús del _92052 |
||
| 700 |
_a Bausch Bedoya, Germán _92053 |
||
| 700 |
_a Lozano Delgado, Jorge Renato _92054 |
||
| 700 |
_aTaipe Haqquehua, Carlos _92055 |
||
| 700 |
_a Chucuya Alfaro, José Aarón ... y otros _924673 |
||
| 942 |
_2ddc _cLIBROS |
||
| 945 | _alccs | ||